000 00681nam a2200241Ia 4500
001 6882
003 GE_BSU
008 181216s||||||||xx |||||||||||||| ||und||
040 _cGE_BSU
080 _a821.353.1-1
100 _aგორგილაძე,ზურაბ.
245 _aსინაზე.
245 _bლექსები.
245 _cრედ:ზურაბ,ფირცხალაიშვილი.
260 _aბათუმი.
260 _bსაბჭ.აჭარა.
260 _c1977.
300 _a248გვ;17სმ.
300 _bფოტო.
653 _aლექსები.
653 _aსინაზე.
942 _cBK
999 _c40274
_d40274